| 000 | 00701nam a22002417a 4500 | ||
|---|---|---|---|
| 001 | 0007111 | ||
| 003 | DO-SdBNP | ||
| 005 | 20171124152746.0 | ||
| 007 | 0007111 | ||
| 008 | 161201b 1990 xxu a ||||| |||| 00| 0 spa d | ||
| 020 | _a0852293585 | ||
| 040 |
_aBPMSU _bspa _cBPMSU |
||
| 082 |
_axxxx _bxxxx |
||
| 245 | 0 | 0 | _aPersonas y lugares |
| 260 |
_aEstados Unidos de América : _bUnión Internacional, _c1990. |
||
| 300 |
_a61 p. : _bil ; _c24 cm. |
||
| 490 | 1 | _aBiblioteca infantil de Britanica | |
| 505 | 0 | _tPersonas y lugares. | |
| 830 | 0 | _aBiblioteca infantil de Britanica | |
| 942 |
_2ddc _cBK |
||
| 945 | _aInventariado extranjero / 2017 LP | ||
| 956 |
_aLPEREZ _b10 _c20161201 _d00041 |
||
| 999 |
_c12196 _d12196 |
||